| 000 | 00793nam a22002532a 4500 | ||
|---|---|---|---|
| 001 | 4088 | ||
| 003 | BD-RjUL | ||
| 005 | 20211208233830.0 | ||
| 008 | 131221s1926 enk 000 0 eng u | ||
| 035 |
_aOCLC ocm00735746 from D960226M _a(BD-RjUL)4122 |
||
| 040 |
_aCSU _dEQO _dBD-RjUL _beng _cBD-RjUL |
||
| 041 | _aeng | ||
| 082 | 0 | 4 |
_218 _a332.4 _bLEM 1948 |
| 100 | 1 |
_aLehfeldt, Robert Alfred, _d1868-1927. _912984 |
|
| 245 | 1 | 0 |
_aMoney / _cby R. A. Lehfeldt |
| 260 |
_aLondon : _bOxford University Press, H. Milford, _c1926 |
||
| 300 |
_a116p. : _bill. ; _c19cm |
||
| 490 | 1 | _aLettered on cover: The world's manuals | |
| 504 | _a"Some books recommended": p.112 | ||
| 650 | 0 |
_aMoney _912986 |
|
| 830 | 0 |
_aLettered on cover: The world's manuals _912990 |
|
| 942 |
_2ddc _cBK |
||
| 999 |
_c4088 _d4088 |
||